| 000 | 00619nam a22001817a 4500 | ||
|---|---|---|---|
| 005 | 20240429144505.0 | ||
| 008 | 240429b |||||||| |||| 00| 0 eng d | ||
| 020 | _a0702153710 | ||
| 041 | _aEnglish | ||
| 082 | _a346.4 SOU | ||
| 100 | _lEnglish | ||
| 245 |
_aThe Compulsory Acquisition of Rights : _bBy Expropriation, ways of necessity, prescription, labour tenancy and restitution / _cMD Southwood |
||
| 250 | _aFirst Edition | ||
| 260 |
_aCape Town: _bJuta and Company Ltd, _c2000 |
||
| 300 |
_bxxxvii,439 pages; _c25 cm. |
||
| 650 |
_aLegal practice _bLaw |
||
| 942 |
_cBK _6ALISON_BN_VRIES |
||
| 999 |
_c1578 _d1578 |
||